| 000 | 00835nam a2200289Ia 4500 | ||
|---|---|---|---|
| 003 | OSt | ||
| 005 | 20220918163533.0 | ||
| 006 | a|||||r|||| 00| 0 | ||
| 007 | ta | ||
| 008 | 220917b |||||||| |||| 00| 0 eng d | ||
| 020 | _a 0080340490 | ||
| 020 | _a0-08-031297-7 | ||
| 024 | _a2,387 | ||
| 037 | _cTextual | ||
| 040 |
_aARTS _cARTS _beng |
||
| 041 |
_2eng _aeng |
||
| 082 | _aS8g, M6.1-.2 | ||
| 100 |
_aHollin Clive R. ed _913575 |
||
| 245 | 0 | _aHandbook of social skills training | |
| 260 |
_aNew York _bPergamon press _c1986 |
||
| 300 |
_a274p _ccm. |
||
| 490 | _aInternational series in experimental social psychology; V 12 | ||
| 650 | _aSOCIAL PSYCHOLOGY | ||
| 700 |
_a Trower Perte. ed _913576 |
||
| 942 |
_hS8g, M6.1-.2 _cTEXL _2CC |
||
| 999 |
_c119954 _d119954 |
||